[Event "SVK-chT1E 1819"]
[Site "Slovakia"]
[Date "2019.01.13"]
[Round "6.5"]
[White "Kerdik, Adam"]
[Black "Volcko, Richard"]
[Result "0-1"]
[WhiteElo "2076"]
[BlackElo "2054"]
[PlyCount "88"]
[EventDate "2018.10.27"]
[EventType "team-tourn"]
[EventRounds "11"]
[EventCountry "SVK"]
[SourceTitle "CBM 188 Extra"]
[Source "ChessBase"]
[SourceDate "2019.02.26"]
[SourceVersion "1"]
[SourceVersionDate "2019.02.26"]
[SourceQuality "1"]
[WhiteTeam "Liptov Chess School II"]
[BlackTeam "Bardejov"]
[WhiteTeamCountry "SVK"]
[BlackTeamCountry "SVK"]

1. d4 Nf6 2. c4 g6 3. Nf3 Bg7 4. Nc3 0-0 5. e4 d6 6. Be2 e5 7. 0-0 Nc6 8. d5 Ne7 9. Ne1 Nd7 10. Be3 f5 11. f3 f4 12. Bf2 g5 13. Rc1 Rf6 14. Nd3 a6 15. c5 Rh6 16. cxd6 cxd6 17. Be1 Rg6 18. h3 h5 19. Nf2 Nf6 20. a4 Bd7 21. Nb1 Bh6 22. Bd2 b6 23. Na3 g4 24. hxg4 hxg4 25. fxg4 Bg5 26. Nc4 Nc8 27. Bf3 Bh4 28. Be1 Qe7 29. Nd3 Nxg4 30. Qd2 b5 31. Bxh4 Qxh4 32. Bxg4 Bxg4 33. Ncxe5 dxe5 34. Nxe5 Rg5 35. Qxf4 Nd6 36. Nf3 Bxf3 37. Qxh4 Rxg2+ 38. Kh1 Rg4+ 39. Rxf3 Rxh4+ 40. Kg2 Nxe4 41. Rc7 Rd8 42. Rf5 bxa4 43. Rc4 Rb8 44. Rc2 Rb7 0-1

[Event "SVK-chT2D 1819"]
[Site "Slovakia"]
[Date "2018.10.14"]
[Round "2.1"]
[White "Volcko, Richard"]
[Black "Krak, Tomas"]
[Result "0-1"]
[WhiteElo "2028"]
[BlackElo "2284"]
[PlyCount "76"]
[EventDate "2018.10.13"]
[EventType "team-tourn"]
[EventRounds "11"]
[EventCountry "SVK"]
[SourceTitle "CBM 187 Extra"]
[Source "ChessBase"]
[SourceDate "2018.11.04"]
[SourceVersion "1"]
[SourceVersionDate "2018.11.04"]
[SourceQuality "1"]
[WhiteTeam "Bardejov BSK II"]
[BlackTeam "Humenne Reinter"]
[WhiteTeamCountry "SVK"]
[BlackTeamCountry "SVK"]

1. e4 c5 2. c3 e6 3. d4 d5 4. exd5 exd5 5. Nf3 a6 6. Be2 Nf6 7. 0-0 Bd6 8. dxc5 Bxc5 9. Bg5 Be6 10. Nbd2 h6 11. Nb3 Ba7 12. Bh4 0-0 13. Qc2 g5 14. Bg3 Ne4 15. Nfd4 Nc6 16. Rad1 Qf6 17. Bf3 Rfe8 18. Rfe1 Nxg3 19. hxg3 Ne5 20. Be2 g4 21. Qd2 Nc4 22. Bxc4 dxc4 23. Na5 Bd5 24. b3 b5 25. Qf4 Rxe1+ 26. Rxe1 Qxf4 27. gxf4 Bxd4 28. cxd4 c3 29. Rc1 Rc8 30. a3 h5 31. Kf1 h4 32. Kg1 Kg7 33. Kh2 Kf6 34. f3 g3+ 35. Kg1 Kf5 36. Kf1 Kxf4 37. Ke2 c2 38. a4 h3 0-1

[Event "Banska Stiavnica V4 op"]
[Site "Banska Stiavnica"]
[Date "2018.07.08"]
[Round "2"]
[White "Volcko, Richard"]
[Black "Petran, Peter"]
[Result "0-1"]
[WhiteElo "2068"]
[BlackElo "2303"]
[PlyCount "154"]
[EventDate "2018.07.07"]
[EventType "swiss"]
[EventRounds "9"]
[EventCountry "SVK"]
[SourceTitle "CBM 185 Extra"]
[Source "ChessBase"]
[SourceDate "2018.07.29"]
[SourceVersion "1"]
[SourceVersionDate "2018.07.29"]
[SourceQuality "1"]

1. e4 g6 2. d4 Bg7 3. Nc3 c6 4. Nf3 b5 5. Bd3 d6 6. Be3 Nd7 7. Qd2 Qc7 8. 0-0 Ngf6 9. Bh6 0-0 10. Bxg7 Kxg7 11. a3 a6 12. Rad1 e5 13. Rfe1 Re8 14. Bf1 Bb7 15. dxe5 dxe5 16. Qe3 h6 17. h3 Rad8 18. Rd2 c5 19. Red1 b4 20. axb4 cxb4 21. Nd5 Bxd5 22. exd5 Qd6 23. c4 a5 24. Rc2 Nc5 25. Nd2 a4 26. f3 Ra8 27. Ne4 Nfxe4 28. fxe4 b3 29. Rcd2 a3 30. bxa3 Rxa3 31. Rb1 Rea8 32. Rdb2 Rb8 33. Be2 Rb4 34. Kh1 f6 35. Kg1 h5 36. h4 Qb6 37. Kh2 Ra2 38. Bd1 Rxb2 39. Rxb2 Rxc4 40. Rxb3 Qc7 41. Rc3 Nxe4 42. Rxc4 Qxc4 43. Qa7+ Kf8 44. Qb8+ Ke7 45. Qa7+ Kd8 46. Qa8+ Qc8 47. Qa5+ Ke7 48. Ba4 Nd6 49. Bc6 f5 50. Qa7+ Kf6 51. Qa3 Qd8 52. Qg3 Nf7 53. Qd3 Qd6 54. Qc3 Nh6 55. g3 Kg7 56. Kg2 Ng4 57. Qa5 Nh6 58. Qa7+ Nf7 59. Qe3 e4 60. Kf2 Qf6 61. Qd2 Ne5 62. Qc2 Ng4+ 63. Ke1 Qa1+ 64. Ke2 Qd4 65. Qd2 Qf2+ 66. Kd1 Qxg3 67. Qd4+ Qe5 68. Qa7+ Kh6 69. Qa8 Qf6 70. Qb8 Ne5 71. Bb7 Nf7 72. Qf8+ Kh7 73. Bc6 Qg7 74. Qe7 Ne5 75. Qe6 e3 76. Be8 Nc4 77. d6 Qd4+ 0-1

[Event "SVK-ch U18/20"]
[Site "Liptovsky Mikulas"]
[Date "2018.04.25"]
[Round "7"]
[White "Sepesi, Samuel"]
[Black "Volcko, Richard"]
[Result "1-0"]
[WhiteElo "2187"]
[BlackElo "2043"]
[PlyCount "109"]
[EventDate "2018.04.21"]
[EventType "swiss"]
[EventRounds "9"]
[EventCountry "SVK"]
[SourceTitle "CBM 184 Extra"]
[Source "ChessBase"]
[SourceDate "2018.06.28"]
[SourceVersion "1"]
[SourceVersionDate "2018.06.28"]
[SourceQuality "1"]

1. e4 e5 2. Nf3 Nc6 3. d4 exd4 4. Nxd4 Bb4+ 5. c3 Bc5 6. Be3 Bb6 7. Qg4 Qf6 8. Qg3 Qg6 9. Nd2 Nf6 10. Nxc6 Qxg3 11. hxg3 bxc6 12. Bd4 d6 13. f3 Be6 14. g4 0-0-0 15. g5 Ne8 16. Ba6+ Kb8 17. Ke2 d5 18. Be5 f6 19. gxf6 gxf6 20. Rh6 Rf8 21. Bf4 Bg8 22. b4 d4 23. c4 d3+ 24. Ke1 Bd4 25. Rb1 Nd6 26. Rb3 Nf7 27. Rh5 Ne5 28. Bg3 Ka8 29. Bf2 Bxf2+ 30. Kxf2 Rd4 31. Ke3 Rfd8 32. Rc3 R8d7 33. a3 Be6 34. c5 Bg8 35. Rf5 Rd8 36. Rxf6 R4d7 37. Rf5 Re7 38. f4 Ng4+ 39. Kf3 Be6 40. Rg5 h6 41. Rg6 Bf7 42. Rxg4 Bh5 43. Kg3 Bxg4 44. Kxg4 Rg7+ 45. Kf3 Rdg8 46. e5 Rxg2 47. Rxd3 R8g3+ 48. Ke4 Re2+ 49. Kd4 Rg8 50. Nf3 Rf8 51. Kc3 Re4 52. f5 Rf4 53. e6 R4xf5 54. e7 Rxf3 55. Rxf3 1-0

[Event "SVK-chT1E 1718"]
[Site "Slovakia"]
[Date "2018.03.11"]
[Round "11.5"]
[White "Gerbery, Richard"]
[Black "Volcko, Richard"]
[Result "1-0"]
[WhiteElo "2123"]
[BlackElo "2043"]
[PlyCount "79"]
[EventDate "2017.10.21"]
[EventType "team-tourn"]
[EventRounds "11"]
[EventCountry "SVK"]
[SourceTitle "EXT 2019"]
[Source "ChessBase"]
[SourceDate "2018.10.10"]
[SourceVersion "1"]
[SourceVersionDate "2018.10.10"]
[SourceQuality "1"]
[WhiteTeam "Michalovce Zemplin"]
[BlackTeam "Bardejov"]
[WhiteTeamCountry "SVK"]
[BlackTeamCountry "SVK"]

1. e4 e5 2. Nf3 Nc6 3. Bb5 a6 4. Ba4 Nf6 5. 0-0 Be7 6. Re1 b5 7. Bb3 0-0 8. h3 Bb7 9. d3 d6 10. a4 Na5 11. Ba2 c5 12. Nbd2 Qc7 13. Nf1 Bc8 14. Bg5 Be6 15. c3 Ne8 16. Bxe6 fxe6 17. Bxe7 Qxe7 18. axb5 axb5 19. b4 Qd8 20. bxa5 Rxa5 21. Qb3 Rf6 22. Ng3 Qa8 23. Qb2 Nc7 24. Rxa5 Qxa5 25. Ra1 Qb6 26. Qa2 Rf8 27. Qe2 b4 28. cxb4 cxb4 29. Rb1 Rb8 30. Nd2 Qc5 31. Nb3 Qb5 32. d4 exd4 33. Nxd4 Qc5 34. Qd2 Rb7 35. Nge2 d5 36. exd5 exd5 37. Qg5 Qd6 38. Qg4 Qf8 39. Ne6 Qe7 40. Nxg7 1-0

[Event "SVK-chT1E 1718"]
[Site "Slovakia"]
[Date "2018.02.18"]
[Round "9.7"]
[White "Volcko, Richard"]
[Black "Durica, Daniel"]
[Result "0-1"]
[WhiteElo "2047"]
[BlackElo "2020"]
[PlyCount "76"]
[EventDate "2017.10.21"]
[EventType "team-tourn"]
[EventRounds "11"]
[EventCountry "SVK"]
[SourceTitle "EXT 2019"]
[Source "ChessBase"]
[SourceDate "2018.10.10"]
[SourceVersion "1"]
[SourceVersionDate "2018.10.10"]
[SourceQuality "1"]
[WhiteTeam "Bardejov"]
[BlackTeam "Presov Tatran"]
[WhiteTeamCountry "SVK"]
[BlackTeamCountry "SVK"]

1. e4 Nf6 2. e5 Nd5 3. d4 d6 4. c4 Nb6 5. exd6 cxd6 6. Nc3 g6 7. Be3 Bg7 8. Rc1 0-0 9. b3 Nc6 10. d5 Ne5 11. Be2 f5 12. Nf3 Nxf3+ 13. Bxf3 Nd7 14. Be2 f4 15. Bd4 Ne5 16. f3 Bf5 17. 0-0 g5 18. Qd2 b6 19. Nd1 Qe8 20. Nf2 Qh5 21. Bxe5 Bxe5 22. Bd3 Bd7 23. Be4 Rf6 24. h3 Qf7 25. Ng4 Bxg4 26. fxg4 f3 27. Rxf3 Rxf3 28. gxf3 Bf4 29. Qc2 Bxc1 30. Qxc1 Qf6 31. Kg2 Rf8 32. Qe3 Qb2+ 33. Qf2 Qe5 34. Qd2 Rf4 35. Qd3 h6 36. Kf2 Kg7 37. Ke3 Kf6 38. Qd4 Rxf3+ 0-1

[Event "SVK-chT1E 1718"]
[Site "Slovakia"]
[Date "2017.10.22"]
[Round "2.5"]
[White "Volcko, Richard"]
[Black "Haring, Filip"]
[Result "0-1"]
[WhiteElo "2047"]
[BlackElo "2267"]
[PlyCount "66"]
[EventDate "2017.10.21"]
[EventType "team-tourn"]
[EventRounds "11"]
[EventCountry "SVK"]
[SourceTitle "CBM 181 Extra"]
[Source "ChessBase"]
[SourceDate "2017.12.12"]
[SourceVersion "1"]
[SourceVersionDate "2017.12.12"]
[SourceQuality "1"]
[WhiteTeam "Bardejov"]
[BlackTeam "Cebovce"]
[WhiteTeamCountry "SVK"]
[BlackTeamCountry "SVK"]

1. e4 c5 2. Nf3 e6 3. d4 cxd4 4. Nxd4 a6 5. Nc3 Qc7 6. Bd3 Nf6 7. Qe2 d6 8. Bd2 Be7 9. 0-0 Nbd7 10. Kh1 0-0 11. f4 b5 12. a4 bxa4 13. Nxa4 Bb7 14. c4 Rfd8 15. b4 d5 16. exd5 exd5 17. c5 Re8 18. Qf2 Bc6 19. Nc3 Ne4 20. Nxe4 dxe4 21. Bxa6 Nf6 22. Qe2 Bd7 23. c6 Bg4 24. Qc4 Red8 25. b5 Nd5 26. Nb3 e3 27. Ba5 Nb6 28. Qe4 e2 29. Rfe1 Bf6 30. Qe3 Bxa1 31. Nxa1 Rd1 32. Nc2 Nc4 33. Qg3 Qxa5 0-1

[Event "SVK-chT1E 1718"]
[Site "Slovakia"]
[Date "2017.10.21"]
[Round "1.6"]
[White "Volcko, Richard"]
[Black "Csolto, Tibor"]
[Result "1-0"]
[WhiteElo "2047"]
[BlackElo "2071"]
[PlyCount "69"]
[EventDate "2017.10.21"]
[EventType "team-tourn"]
[EventRounds "11"]
[EventCountry "SVK"]
[SourceTitle "CBM 181 Extra"]
[Source "ChessBase"]
[SourceDate "2017.12.12"]
[SourceVersion "1"]
[SourceVersionDate "2017.12.12"]
[SourceQuality "1"]
[WhiteTeam "Bardejov"]
[BlackTeam "Jelsava Magnezit"]
[WhiteTeamCountry "SVK"]
[BlackTeamCountry "SVK"]

1. e4 c5 2. Nf3 Nc6 3. d4 cxd4 4. Nxd4 Nf6 5. Nc3 d6 6. Bg5 e6 7. Qd2 Bd7 8. Ndb5 Nb4 9. a3 Bxb5 10. Nxb5 Na6 11. f3 d5 12. 0-0-0 dxe4 13. Qc3 Nd5 14. Qe5 Qc8 15. Rxd5 f6 16. Bxf6 gxf6 17. Qh5+ Ke7 18. Nd6 exd5 19. Nxc8+ Rxc8 20. Qxd5 Nc5 21. Bc4 Bh6+ 22. Kb1 Rc6 23. Rd1 Rf8 24. b4 Nd3 25. cxd3 e3 26. b5 Rd6 27. Qxb7+ Rd7 28. Qc6 Rd6 29. Qe4+ Kd8 30. Qa8+ Ke7 31. Qxa7+ Rd7 32. Qc5+ Kd8 33. Re1 Re8 34. Qb6+ Ke7 35. Qe6+ 1-0

[Event "SVK-chT2D 1617"]
[Site "Slovakia"]
[Date "2016.11.06"]
[Round "4.5"]
[White "Dujava, Daniel"]
[Black "Volcko, Richard"]
[Result "1/2-1/2"]
[WhiteElo "1899"]
[BlackElo "2036"]
[PlyCount "83"]
[EventDate "2016.10.08"]
[EventType "team-tourn"]
[EventRounds "11"]
[EventCountry "SVK"]
[SourceTitle "EXT 2018"]
[Source "ChessBase"]
[SourceDate "2017.10.13"]
[SourceVersion "1"]
[SourceVersionDate "2017.10.13"]
[SourceQuality "1"]
[WhiteTeam "Sabinov II"]
[BlackTeam "Bardejov II"]
[WhiteTeamCountry "SVK"]
[BlackTeamCountry "SVK"]

1. e4 e5 2. Nf3 Nc6 3. Bb5 a6 4. Ba4 Nf6 5. 0-0 Be7 6. Re1 b5 7. Bb3 d6 8. c3 0-0 9. h3 Na5 10. Bc2 c5 11. d4 Qc7 12. d5 Ne8 13. b3 c4 14. b4 Nb7 15. Be3 a5 16. Nbd2 axb4 17. cxb4 Bd7 18. Nb1 g6 19. Bh6 Ng7 20. Nc3 Ra3 21. Re3 Rfa8 22. Qc1 Qc8 23. Nd2 Bd8 24. Ndb1 R3a6 25. g4 Bb6 26. Rg3 Bd4 27. Kg2 Nd8 28. Qd2 Ne8 29. Be3 Bxe3 30. Qxe3 Kg7 31. f4 f6 32. fxe5 fxe5 33. Nd2 Nf7 34. Rf1 Nc7 35. Rgf3 Be8 36. Rf6 Qd7 37. Bd1 h6 38. h4 g5 39. h5 Nd8 40. Kg3 Qe7 41. R6f2 Ra3 42. Kg2 1/2-1/2

[Event "SVK-chT2D 1617"]
[Site "Slovakia"]
[Date "2016.11.05"]
[Round "3.5"]
[White "Volcko, Richard"]
[Black "Koval, Jakub"]
[Result "1-0"]
[WhiteElo "2036"]
[BlackElo "2008"]
[PlyCount "63"]
[EventDate "2016.10.08"]
[EventType "team-tourn"]
[EventRounds "11"]
[EventCountry "SVK"]
[SourceTitle "EXT 2018"]
[Source "ChessBase"]
[SourceDate "2017.10.13"]
[SourceVersion "1"]
[SourceVersionDate "2017.10.13"]
[SourceQuality "1"]
[WhiteTeam "Bardejov II"]
[BlackTeam "Presov Tatran"]
[WhiteTeamCountry "SVK"]
[BlackTeamCountry "SVK"]

1. e4 d6 2. d4 Nf6 3. Nc3 g6 4. Be3 Bg7 5. f3 Nbd7 6. Qd2 c5 7. 0-0-0 cxd4 8. Bxd4 h5 9. Be2 Qa5 10. Kb1 Bh6 11. Be3 Bxe3 12. Qxe3 Qc5 13. Qxc5 Nxc5 14. Bb5+ Bd7 15. Bxd7+ Nfxd7 16. Nd5 Rc8 17. Ne2 a6 18. c4 Ne5 19. b3 e6 20. Ne3 Ke7 21. Rd2 Rhd8 22. Rhd1 Rd7 23. Kb2 g5 24. Nc3 b6 25. Ned5+ exd5 26. Nxd5+ Ke6 27. Nxb6 Rcc7 28. Nxd7 Rxd7 29. Rd5 Ng6 30. Rxg5 Nf4 31. g3 f6 32. Rxc5 1-0

[Event "SVK-chT1E 1516"]
[Site "Slovakia"]
[Date "2015.12.12"]
[Round "5.4"]
[White "Mrva, Vladimir"]
[Black "Volcko, Richard"]
[Result "1/2-1/2"]
[WhiteElo "2106"]
[BlackElo "1913"]
[PlyCount "39"]
[EventDate "2015.10.24"]
[EventType "team-tourn"]
[EventRounds "11"]
[EventCountry "SVK"]
[SourceTitle "CBM 170 Extra"]
[Source "ChessBase"]
[SourceDate "2016.02.25"]
[SourceVersion "1"]
[SourceVersionDate "2016.02.25"]
[SourceQuality "1"]
[WhiteTeam "Sabinov"]
[BlackTeam "Bardejov"]
[WhiteTeamCountry "SVK"]
[BlackTeamCountry "SVK"]

1. e4 e5 2. Nf3 Nc6 3. Nc3 Nf6 4. Bb5 Bb4 5. 0-0 0-0 6. d3 d6 7. Bg5 Be6 8. Nd5 Bxd5 9. exd5 Ne7 10. c3 Ba5 11. Bc4 c6 12. dxc6 bxc6 13. Bb3 Ng6 14. Nh4 d5 15. Nf5 h6 16. Be3 Bb6 17. Bxb6 axb6 18. d4 Re8 19. dxe5 Nxe5 20. Bc2 1/2-1/2

[Event "SVK-chT2D 1516"]
[Site "Slovakia"]
[Date "2015.11.07"]
[Round "3.4"]
[White "Volcko, Richard"]
[Black "Michel, Norbert"]
[Result "1-0"]
[WhiteElo "1913"]
[BlackElo "1933"]
[PlyCount "43"]
[EventDate "2015.10.17"]
[EventType "team-tourn"]
[EventRounds "11"]
[EventCountry "SVK"]
[SourceTitle "CBM 169 Extra"]
[Source "ChessBase"]
[SourceDate "2015.12.18"]
[SourceVersion "1"]
[SourceVersionDate "2015.12.18"]
[SourceQuality "1"]
[WhiteTeam "Bardejov II"]
[BlackTeam "Kosice Slavia UPJS III"]
[WhiteTeamCountry "SVK"]
[BlackTeamCountry "SVK"]

1. e4 e6 2. d4 d5 3. e5 c5 4. c3 Nc6 5. Nf3 Bd7 6. a3 f6 7. Bd3 fxe5 8. dxe5 Qc7 9. Bf4 0-0-0 10. 0-0 h6 11. Bg3 g5 12. Re1 Be8 13. b4 c4 14. Be2 Qg7 15. Nd4 Qe7 16. Nxe6 Bf7 17. Nxd8 Nxd8 18. Bg4+ Be6 19. Qxd5 Bxg4 20. Qxc4+ Kb8 21. e6+ Ka8 22. Qc8# 1-0

[Event "SVK-ch U14"]
[Site "Tatralandia"]
[Date "2015.04.23"]
[Round "7"]
[White "Volcko, Richard"]
[Black "Pechac, Jergus"]
[Result "0-1"]
[WhiteElo "2001"]
[BlackElo "2540"]
[PlyCount "80"]
[EventDate "2015.04.18"]
[EventType "swiss"]
[EventRounds "9"]
[EventCountry "SVK"]
[SourceTitle "CBM 166 Extra"]
[Source "ChessBase"]
[SourceDate "2015.06.18"]
[SourceVersion "1"]
[SourceVersionDate "2015.06.18"]
[SourceQuality "1"]

1. Nf3 a6 2. c4 b5 3. cxb5 axb5 4. g3 Bb7 5. Bg2 e6 6. 0-0 Nf6 7. b3 Be7 8. Bb2 0-0 9. Qc2 Na6 10. a3 Bxf3 11. Bxf3 d5 12. d3 c5 13. Nd2 Rc8 14. Rac1 Qb6 15. e4 d4 16. Bg2 h5 17. h3 e5 18. Kh1 h4 19. Nf3 c4 20. bxc4 bxc4 21. dxc4 d3 22. Qc3 Nc5 23. Qxe5 Bd6 24. Qd4 Rfd8 25. e5 Be7 26. Qe3 Qxb2 27. exf6 Bxf6 28. Rcd1 hxg3 29. fxg3 Re8 30. Qd2 Ne4 31. Qxb2 Nxg3+ 32. Kg1 Bxb2 33. Rxd3 Nxf1 34. Bxf1 Rxc4 35. Rb3 Rc3 36. Rxb2 Rxf3 37. Ra2 Re1 38. Rf2 Rxh3 39. a4 Ra3 40. Rf4 Rea1 0-1

[Event "SVK-ch U14"]
[Site "Tatralandia"]
[Date "2015.04.22"]
[Round "6"]
[White "Durica, Adam"]
[Black "Volcko, Richard"]
[Result "0-1"]
[WhiteElo "1795"]
[BlackElo "2001"]
[PlyCount "46"]
[EventDate "2015.04.18"]
[EventType "swiss"]
[EventRounds "9"]
[EventCountry "SVK"]
[SourceTitle "CBM 166 Extra"]
[Source "ChessBase"]
[SourceDate "2015.06.18"]
[SourceVersion "1"]
[SourceVersionDate "2015.06.18"]
[SourceQuality "1"]

1. e4 e5 2. Nf3 Nc6 3. Bc4 Bc5 4. c3 Nf6 5. d3 a6 6. a4 Ba7 7. b4 b5 8. Bb3 d5 9. exd5 Nxd5 10. 0-0 0-0 11. Re1 Qd6 12. Bb2 Nf4 13. Bc2 Bf5 14. Na3 Bxd3 15. axb5 Qg6 16. Nh4 Nh3+ 17. Kh1 Nxf2+ 18. Kg1 Nxd1+ 19. Kh1 Nf2+ 20. Kg1 Qf6 21. bxc6 Qxh4 22. Bxd3 Ng4+ 23. Kf1 Qf2# 0-1

[Event "SVK-ch U14"]
[Site "Tatralandia"]
[Date "2015.04.20"]
[Round "3"]
[White "Kardis, Benjamin"]
[Black "Volcko, Richard"]
[Result "0-1"]
[WhiteElo "1535"]
[BlackElo "2001"]
[PlyCount "84"]
[EventDate "2015.04.18"]
[EventType "swiss"]
[EventRounds "9"]
[EventCountry "SVK"]
[SourceTitle "CBM 166 Extra"]
[Source "ChessBase"]
[SourceDate "2015.06.18"]
[SourceVersion "1"]
[SourceVersionDate "2015.06.18"]
[SourceQuality "1"]

1. Nf3 d5 2. d4 Nf6 3. c4 dxc4 4. Nc3 a6 5. e3 b5 6. Be2 e6 7. 0-0 Bb7 8. Qc2 Bb4 9. Bd2 0-0 10. Rac1 Qe7 11. Rfd1 Nbd7 12. Ng5 e5 13. Re1 Rad8 14. a3 Ba5 15. Nf3 c5 16. dxc5 Nxc5 17. Nd5 Nxd5 18. Bxa5 Rd7 19. Bc3 e4 20. Nd2 Nd3 21. Bxd3 exd3 22. Qd1 Nxc3 23. Rxc3 Qg5 24. f3 Re8 25. e4 f5 26. exf5 Rxe1+ 27. Qxe1 Re7 28. Qd1 Qe3+ 29. Kf1 Qe2+ 30. Qxe2 Rxe2 31. Nxc4 bxc4 32. Rxc4 Rxb2 33. Rd4 Rb3 34. Kf2 Kf7 35. Ke3 Kf6 36. g4 Ke7 37. a4 Bc6 38. a5 Ra3 39. f4 Bb5 40. g5 Rxa5 41. Re4+ Kf7 42. Rd4 Ra2 0-1

[Event "SVK-chT2D 14/15"]
[Site "Slovakia"]
[Date "2015.03.07"]
[Round "10.4"]
[White "Volcko, Richard"]
[Black "Dzurenda, Stefan"]
[Result "1-0"]
[WhiteElo "1850"]
[BlackElo "2126"]
[PlyCount "137"]
[EventDate "2014.10.11"]
[EventType "team-tourn"]
[EventRounds "11"]
[EventCountry "SVK"]
[SourceTitle "EXT 2019"]
[Source "ChessBase"]
[SourceDate "2018.10.10"]
[SourceVersion "1"]
[SourceVersionDate "2018.10.10"]
[SourceQuality "1"]
[WhiteTeam "Bardejov BSK"]
[BlackTeam "Spisska Nova Ves"]
[WhiteTeamCountry "SVK"]
[BlackTeamCountry "SVK"]

1. e4 e5 2. Nc3 d6 3. g3 Nc6 4. Bg2 Nf6 5. Nge2 Be7 6. 0-0 0-0 7. d4 exd4 8. Nxd4 Nxd4 9. Qxd4 c6 10. Bf4 Qb6 11. Rfd1 Qxd4 12. Rxd4 Rd8 13. Rad1 Ne8 14. R4d2 Bg4 15. Re1 Be6 16. Be3 Bf6 17. Bd4 Bxd4 18. Rxd4 Rac8 19. f4 f6 20. f5 Bf7 21. g4 h6 22. Ne2 Kf8 23. Nf4 Ke7 24. Bf1 b5 25. Re3 Rd7 26. b3 a6 27. a4 Kd8 28. Rd1 Kc7 29. h4 Re7 30. Kf2 Rd8 31. axb5 axb5 32. c4 bxc4 33. Bxc4 Kb6 34. Bxf7 Rxf7 35. Red3 Ra8 36. Ne6 Ra2+ 37. Kg3 Rfa7 38. Rd4 R2a5 39. Kf4 Rb5 40. R4d3 Ra3 41. Nd4 Rc5 42. g5 hxg5+ 43. hxg5 Re5 44. Nc2 Ra2 45. Ne3 fxg5+ 46. Kf3 Kc7 47. Nc4 g4+ 48. Kf4 Rf2+ 49. Kg3 Re2 50. Nxe5 dxe5 51. Kxg4 Rxe4+ 52. Kg5 Nf6 53. Kg6 Rf4 54. Rc1 Nd7 55. Rdc3 c5 56. Rh1 e4 57. Rh5 Kd6 58. Rg5 Ke7 59. Kxg7 Rh4 60. f6+ Nxf6 61. Re5+ Kd6 62. Kxf6 Rh6+ 63. Kg5 Kxe5 64. Kxh6 Kd4 65. Rc4+ Kd5 66. Kg5 e3 67. Rc2 Kd4 68. Kf4 Kd3 69. Rxc5 1-0

[Event "SVK-chT1E 1415"]
[Site "Slovakia"]
[Date "2015.02.28"]
[Round "8.8"]
[White "Volcko, Richard"]
[Black "Trebula, Jozef"]
[Result "0-1"]
[WhiteElo "1850"]
[BlackElo "2060"]
[PlyCount "66"]
[EventDate "2014.10.18"]
[EventType "team-tourn"]
[EventRounds "11"]
[EventCountry "SVK"]
[SourceTitle "EXT 2016"]
[Source "ChessBase"]
[SourceDate "2015.10.08"]
[SourceVersion "1"]
[SourceVersionDate "2015.10.08"]
[SourceQuality "1"]
[WhiteTeam "Bardejov"]
[BlackTeam "Banska Bystrica CVC"]
[WhiteTeamCountry "SVK"]
[BlackTeamCountry "SVK"]

1. e4 e6 2. d4 d5 3. e5 c5 4. c3 Nc6 5. Nf3 Qb6 6. a3 Bd7 7. b4 cxb4 8. cxb4 Rc8 9. Bb2 Nh6 10. Be2 Nf5 11. g4 Nh6 12. h3 Be7 13. 0-0 0-0 14. Nbd2 f6 15. Nb3 fxe5 16. dxe5 Nf7 17. Qd2 Nh8 18. Rac1 Ng6 19. b5 Rxf3 20. Bxf3 Qxb5 21. Nd4 Qb6 22. Nxc6 bxc6 23. Rb1 Rf8 24. Bg2 Nf4 25. Bc3 Qc7 26. Rb3 c5 27. Rfb1 Bc6 28. Ba5 Qxe5 29. Re3 Qd6 30. Bf1 d4 31. Reb3 Qd5 32. f3 Bf6 33. a4 c4 0-1

[Event "SVK-chT1E 1415"]
[Site "Slovakia"]
[Date "2015.01.11"]
[Round "6.8"]
[White "Volcko, Richard"]
[Black "Pcola, Jaroslav1111"]
[Result "1-0"]
[WhiteElo "1850"]
[BlackElo "2107"]
[PlyCount "111"]
[EventDate "2014.10.18"]
[EventType "team-tourn"]
[EventRounds "11"]
[EventCountry "SVK"]
[SourceTitle "EXT 2016"]
[Source "ChessBase"]
[SourceDate "2015.10.08"]
[SourceVersion "1"]
[SourceVersionDate "2015.10.08"]
[SourceQuality "1"]
[WhiteTeam "Bardejov"]
[BlackTeam "Humenne"]
[WhiteTeamCountry "SVK"]
[BlackTeamCountry "SVK"]

1. e4 c5 2. Nf3 Nc6 3. d4 cxd4 4. Nxd4 g6 5. Nc3 Bg7 6. Be3 Nf6 7. Bc4 d6 8. f3 0-0 9. Qd2 Bd7 10. 0-0-0 a6 11. g4 Qa5 12. Kb1 Rfe8 13. h4 Rac8 14. Bb3 Ne5 15. h5 Nc4 16. Bxc4 Rxc4 17. hxg6 fxg6 18. Nb3 Qe5 19. Bd4 Rxd4 20. Nxd4 Rc8 21. f4 Qc5 22. g5 Ng4 23. Nd5 Re8 24. Nb3 Qf2 25. Qb4 Bc6 26. Qc4 e6 27. Nf6+ Nxf6 28. gxf6 Bxf6 29. Rdf1 Qe3 30. Qd3 Qxe4 31. Qxd6 Bb5 32. Re1 Qd5 33. Qxd5 exd5 34. Rxe8+ Bxe8 35. Rd1 Bc6 36. Na5 Kf7 37. Nxc6 bxc6 38. c3 Ke6 39. Kc2 Kf5 40. Rf1 Bd8 41. Kd3 a5 42. Ke3 Bc7 43. b4 h5 44. a4 h4 45. b5 cxb5 46. axb5 a4 47. Kd4 h3 48. Kxd5 a3 49. c4 a2 50. c5 h2 51. b6 Bd8 52. b7 Bc7 53. Kc6 Bb8 54. Kd7 Kg4 55. Kc8 Be5 56. fxe5 1-0

[Event "Bardejov op"]
[Site "Bardejov"]
[Date "2015.01.01"]
[Round "9"]
[White "Volcko, Richard"]
[Black "Bakalar, Jan"]
[Result "0-1"]
[WhiteElo "1832"]
[BlackElo "2011"]
[PlyCount "62"]
[EventDate "2014.12.26"]
[EventType "swiss"]
[EventRounds "9"]
[EventCountry "SVK"]
[SourceTitle "CBM 164 Extra"]
[Source "ChessBase"]
[SourceDate "2015.03.02"]
[SourceVersion "1"]
[SourceVersionDate "2015.03.02"]
[SourceQuality "1"]

1. e4 g6 2. d4 Bg7 3. Nc3 d6 4. Be3 Nf6 5. f3 c6 6. Qd2 h5 7. 0-0-0 b5 8. Kb1 b4 9. Nce2 a5 10. Nc1 Qc7 11. Bc4 d5 12. exd5 cxd5 13. Bb5+ Bd7 14. Bxd7+ Nbxd7 15. Nh3 Nb6 16. Bf4 Qc6 17. Nf2 Nc4 18. Qe2 Nd7 19. Qd3 0-0 20. g4 hxg4 21. Nxg4 Rfc8 22. h4 Ndb6 23. Nb3 Na4 24. Bc1 f5 25. Nf2 e5 26. dxe5 Bxe5 27. Qxd5+ Qxd5 28. Rxd5 Na3+ 29. Ka1 Nxc2+ 30. Kb1 Na3+ 31. Ka1 Rxc1+ 0-1